O escritório (Record no. 16442)

MARC details
000 -Etiqueta do registo
Valores 00690nam a2200229 4500
010 ## - Número ISBN
ISBN 9789895702350
021 ## - Número do Depósito Legal
Número 27738/24
100 ## - Dados gerais de processamento
Dados gerais 20241217d2024 m y0pory50030103ba
200 1# - Titulo e menção de responsabilidade
Título próprio O escritório
Primeira menção de responsabilidade Freida McFadden
Outras menções de responsabilidade trad. Carla Ribeiro
205 ## - Menção da edição
Edição 1ª ed.
210 #9 - Publicação
Local de publicação [S.l.]
Nome do editor Alma dos Livros,
Data de publicação 2024
215 ## - Descrição física 
Paginação / Volumes 335 p.
Dimensões 24 cm
304 ## - Nota relativa ao título
Texto de nota Tít. orig.: The coworker
606 ## - Nome comum usado como assunto
ID Autoridade 187
Palavra de ordem Thrillers
675 ## - CDU
Notação 821.111(73)-312.4"20"
Edição BN
Língua por
700 #1 - Autor principal (pessoa individual)
Apelido McFadden,
Nome Freida
702 #1 - Autor secundário (pessoa individual)
Apelido Ribeiro,
Nome Carla
801 #0 - Fonte de origem
País PT
Agência BN
Regras de catalogação RPC
856 41 - Localização e acesso electrónico 
URL <a href="http://rnod.bnportugal.gov.pt/ImagesBN/winlibimg.aspx?skey=&doc=2200166&img=202316&save=true">http://rnod.bnportugal.gov.pt/ImagesBN/winlibimg.aspx?skey=&doc=2200166&img=202316&save=true</a>
990 ## - Elementos KOHA
Tipo de documento Livro
Holdings
Situação do levantamento Estado Biblioteca de origem Código de barras Cota Permissão de empréstimo Tipo de documento Forma de aquisição
    Biblioteca Municipal do Alandroal 18504/25 821.111(73)-312.4 MCF   Livro Compra

Powered by Koha